Responses for show #6305 - Friday, February 3, 2012

2012 College Championship quarterfinal game 3.

Contestants

[<< previous game]

Zack Terrill, a senior at Vanderbilt University from Winter Springs, Florida

Tyler Benedict, a junior at Columbia University from Dayton, Ohio

Sarah Bart, a senior at Goucher College from Philadelphia, Pennsylvania

[next game >>]

Jeopardy! Round responses

WOMEN'S FIRSTS
LET'S HAVE A BOWL
NOW YOU KNOW
BIRD SOUNDS
"G"EOGRAPHY
A DONUT SHOP DICTIONARY
(Alex: Each correct response will be something you could find in a donut shop.)
    $200 26
Nancy Pelosi

Sarah
    $200 6
the Rose Bowl

Tyler
    $200 11
the lachrymal glands

Tyler
    $200 21
coo

Zack
    $200 1
Greece

Zack
    $200 13
glazed

Sarah
    $400 27
a botanist

Tyler
    $400 7
the Orange Bowl

Sarah
    $400 12
skipping stones

Tyler
    $400 22
a hoot

Sarah
    $400 2
Georgia

Tyler
    $400 14
sprinkle

Sarah
    $600 28
Danica Patrick

Zack
    $600 8
Sugar Bowl

Zack
    $600 18
(Alex: I know all about it.)

melanin

Tyler
    $600 23
a hiss

Tyler
    $600 3
(Sarah: [Exhales deeply] Sorry.)

Gibraltar

SarahZack
    $600 15
jelly

Triple Stumper
    $800 29
Amelia Earhart

Sarah
    $800 9
the Fiesta Bowl

Zack
    $800 19
freezer burn

Tyler
    $800 24
a caw

Sarah
    $800 4
Greenwich Village

Tyler
    $800 16
(Zack: What is stale?)

old-fashioned

Zack
Triple Stumper
    $1000 30
Barbara Walters

Sarah
    $1000 10
the Alamo Bowl

Zack
    $1000 20
the stamen

Sarah
    $1000 25
a cackle

Tyler
    $800 5
Genoa

Tyler
    $1000 17
Cake

Sarah

Scores at the first commercial break (after clue 15):

Sarah Tyler Zack
$400 $2,800 $3,200

Scores at the end of the Jeopardy! Round:

Sarah Tyler Zack
$5,600 $6,200 $3,200

Double Jeopardy! Round responses

EASY "A"
SOME ROMAN GUY
MUSEUMS
THE WRITER'S COLLEGE
HEALTH & MEDICINE
ALPHANUMERIC NAMES & TITLES
    $400 12
an agent

Zack
    $400 6
Cincinnati

Sarah
    $400 1
computers

Sarah
    $400 9
Harvard

Tyler
    $400 21
whiplash

Tyler
    $400 26
Y2K

Zack
    $800 13
audibles

Zack
    $800 7
Remus

Tyler
    $800 2
the Erie Canal

Tyler
    $800 10
(Sarah: What is Oxford?)
...
(Alex: [*]--the other one.)

Cambridge

SarahTyler
    $800 22
a tick

Tyler
    $800 27
Anderson Cooper

Sarah
    $1200 14
(Alex: Where the bees are--[*].)

apiaries

Triple Stumper
    $1200 8
seize the day

Tyler
    $1200 3
(Tyler: What is the Carnegie?)

the Field Museum

SarahTyler
    $1200 17
Howard

Tyler
    $1200 23
Hepatitis

Triple Stumper
    $1200 28
C-3PO

Tyler
    $1600 15
acetic acid

Zack
    $2,000 11
Constantine (the Great)

Tyler
    $1600 4
Mercedes-Benz

Zack
    $2,000 19
(Tyler: What is... New York?)

Mississippi

Tyler
    $1600 24
dyslexia

Zack
    $1600 29
(Alex: Makes sense--[*].)

K9

Triple Stumper
    $2000 16
ageism

Tyler
    $2000 18
Ovid

Tyler
    $2000 5
the Prado

Sarah
    $2000 20
Bowdoin

Sarah
    $2000 25
inversion therapy

Tyler
    $2000 30
Shakur

Tyler

Scores at the end of the Double Jeopardy! Round:

Sarah Tyler Zack
$11,600 $20,600 $9,600

Final Jeopardy! Round responses

NATIONAL PARKS
(Alex: [To Zack] Entirely within the State of Florida.)
ZackWhat is Everglades National Park?
$9,600
SarahWhat are the Everglades
$7,000
TylerWhat is Yosemite?
$500
Everglades National Park

Final scores:

Sarah Tyler Zack
$18,600 $20,100 $19,200
3rd place: $5,000 if eliminated Automatic semifinalist 2nd place: $5,000 if eliminated

Game dynamics:

Coryat scores:

Sarah Tyler Zack
$11,600 $22,400 $9,600
16 R,
2 W
25 R
(including 2 DDs),
2 W
(including 1 DD)
13 R,
1 W

Combined Coryat: $43,600

The J! Archive is created by fans, for fans. The Jeopardy! game show and all elements thereof, including but not limited to copyright and trademark thereto, are the property of Jeopardy Productions, Inc. and are protected under law. This website is not affiliated with, sponsored by, or operated by Jeopardy Productions, Inc. Join the discussion at JBoard.tv.